000
00263nam a2200133Ia 4500
100
_a
CIMI
942
_c
BK
366
_f
20
245
_a
Draughtsman mechanical IST YEAR THEORY
260
_b
CIMI
_a
Chennai
300
_a
378
546
_a
ENGLISH
999
_c
34380
_d
34380